100 ciudades no capitales más grandes - Statistics

General Stats
  • This quiz has been taken 224 times
  • The average score is 24 of 100
Answer Stats
Pais Ciudades % Correct
Brasil Río de Janeiro
89%
Brasil São Paulo
87%
España Barcelona
71%
Estados Unidos Los Angeles
71%
Japón Osaka
69%
China Shanghái
67%
Australia Sydney
66%
Nigeria Lagos
63%
México Guadalajara
57%
India Mumbai
57%
Canadá Toronto
57%
Australia Melbourne
55%
México Monterrey
55%
Vietnam Ho Chi Minh
52%
Sudáfrica Johannesburg
50%
Pakistán Karachi
50%
Marruecos Casablanca
49%
Colombia Medellin
49%
Estados Unidos New York City
49%
China Hong Kong
46%
Israel Tel Aviv
46%
China Wuhan
43%
India Kolkata
41%
China Guangzhou
40%
Canadá Montreal
40%
Turquía Istanbul
37%
Brasil Belo Horizonte
35%
India Bangalore
34%
Pakistán Lahore
32%
Brasil Recife
32%
China Xi'an
31%
Tanzania Dar es Salaam
30%
India Chennai
29%
Brasil Fortaleza
28%
Japón Nagoya
28%
Brasil Porto Alegre
28%
Corea del Sur Busan
27%
Egipto Alexandria
25%
Brasil Salvador
25%
China Shenzhen
24%
India Hyderabad
23%
China Tianjin
23%
Rusia Saint Petersburg
22%
China Chengdu
21%
China Chongqing
21%
China Xiamen
20%
Nigeria Kano
19%
India Ahmedabad
18%
Brasil Curitiba
18%
Costa de Marfil Abidjan
17%
India Jaipur
17%
Arabia Saudita Jeddah
16%
Bangladés Chittagong
14%
China Fukuoka
12%
Myanmar Yangon
12%
Camerún Douala
10%
China Hangzhou
10%
China Harbin
10%
India Lucknow
10%
India Pune
10%
Brasil Campinas
9%
China Qingdao
9%
Nigeria Ibadan
8%
China Nanjing
8%
Ghana Kumasi
7%
Nigeria Port Harcourt
7%
China Urumqi
7%
China Zhengzhou
7%
China Fuzhou
6%
China Shenyang
6%
India Surat
6%
China Changsha
5%
China Hefei
5%
China Jinan
5%
Taiwán New Taipei
5%
China Suzhou
5%
China Wenzhou
5%
China Changchun
4%
China Dongguan
4%
Pakistán Faisalabad
4%
China Guiyang
4%
Irán Mashhad
4%
China Ningbo
4%
China Shantou
4%
China Foshan
3%
China Kumming
3%
China Nanning
3%
China Taiyuan
3%
China Nanchang
2%
China Shijiazhuang
2%
China Tangshan
2%
Indonesia Bekasi
1%
China Changzhou
1%
China Dailan
1%
Sudáfrica Ekurhuleni
1%
India Kochi
1%
India Kozhikode
1%
India Malappuram
1%
India Thrissur
1%
China Wuxi
1%
No matching quizzes found
Score Distribution
Percent of People with Each Score
Percentile by Number Answered
Your Score History
You have not taken this quiz